[Event "Deutsche Ländermeisterschaft 2017"]
[Site "Hannover GER"]
[Date "2017.10.01"]
[Round "3"]
[White "Kieckbusch, Lotta"]
[Black "Eulitz, Charlotte"]
[Result "0-1"]
[Termination "normal"]
[Board "7.8"]
[WhiteElo "1221"]
[BlackElo "1492"]
[WhiteTeam "Hamburg"]
[BlackTeam "Mecklenburg-Vorpommern"]
[PlyCount "112"]
[WhiteFideId "16214390"]
[BlackFideId "12964654"]
[EventCountry "GER"]
[EventRounds "7"]
[EventType "team-swiss"]
[EventDate "2017.09.29"]

1. e4 c5 2. Nf3 d6 3. d4 cxd4 4. Nxd4 Nf6 5. Nc3 a6 6. a3 e5 7. Nf3 b5 8. Bg5
Bb7 9. Qd2 Be7 10. O-O-O Nbd7 11. Qd3 Nc5 12. Qe3 Nfxe4 13. Bxe7 Qxe7 14. Nd5
Bxd5 15. Rxd5 Qe6 16. Rd1 Rc8 17. Nd2 Nxd2 18. Rxd2 Nb3+ 19. Kb1 Nxd2+ 20. Qxd2
O-O 21. Bd3 e4 22. Re1 d5 23. f3 Rcd8 24. Qg5 Qg6 25. Qxg6 hxg6 26. fxe4 dxe4
27. Bxe4 Rfe8 28. Re2 Rd1+ 29. Ka2 Rd4 30. Bd3 Rxe2 31. Bxe2 Rd2 32. Bf3 Rxc2
33. Kb3 Rd2 34. h3 Kf8 35. Be4 Ke7 36. Bf3 Kd8 37. Kc3 Rd6 38. Kb4 Kc7 39. Kb3
Kb6 40. Kb4 a5+ 41. Kb3 Kc5 42. Kc3 b4+ 43. axb4+ axb4+ 44. Kc2 Rd4 45. b3 g5
46. Kb2 f5 47. Kc2 f4 48. Kb2 Rd2+ 49. Kc1 Rf2 50. Kd1 Rb2 51. Kc1 Rxb3 52. Be4
Re3 53. Bb1 Re1+ 54. Kc2 Rxb1 55. Kxb1 Kd4 56. Kc2 Ke3 0-1

[Event "Deutsche Ländermeisterschaft 2017"]
[Site "Hannover GER"]
[Date "2017.10.01"]
[Round "3"]
[White "Tiarks, Jann-Christian"]
[Black "Sieber, Fiona"]
[Result "1/2-1/2"]
[Termination "normal"]
[Board "8.1"]
[BlackTitle "WFM"]
[WhiteElo "2056"]
[BlackElo "2248"]
[WhiteTeam "Brandenburg"]
[BlackTeam "Sachsen-Anhalt"]
[PlyCount "94"]
[WhiteFideId "12951595"]
[BlackFideId "12902373"]
[EventCountry "GER"]
[EventRounds "7"]
[EventType "team-swiss"]
[EventDate "2017.09.29"]

1. e4 e5 2. Nf3 Nc6 3. d4 exd4 4. Nxd4 Nf6 5. Nxc6 bxc6 6. e5 Qe7 7. Qe2 Nd5 8.
c4 Ba6 9. b3 Nb6 10. Bb2 Qe6 11. Nd2 Bb4 12. a3 Bxd2+ 13. Qxd2 d6 14. O-O-O
O-O-O 15. Qa5 Qh6+ 16. Kb1 Kb7 17. Bd3 Rhe8 18. Bc2 d5 19. cxd5 cxd5 20. Rd4
Rxe5 21. Ra4 Nxa4 22. Bxe5 Nb6 23. Bxc7 Kxc7 24. Qxa6 Kb8 25. Re1 Qd6 26. a4
Qb4 27. Re2 Nc4 28. Qc6 Na5 29. Qb5+ Qxb5 30. axb5 Kc7 31. Kb2 Kd6 32. Kc3 Nb7
33. b4 Rc8+ 34. Kb3 g6 35. Bd3 Nd8 36. Re8 Kd7 37. Rh8 h5 38. Rh7 Ke6 39. Rh8
Ke7 40. Rh7 Ke6 41. Rh8 Rb8 42. Re8+ Kd7 43. Rh8 Ke7 44. Kc3 Rc8+ 45. Kd2 Kd7
46. Rh7 Kd6 47. Rh8 Kd7 1/2-1/2

[Event "Deutsche Ländermeisterschaft 2017"]
[Site "Hannover GER"]
[Date "2017.10.01"]
[Round "3"]
[White "Roseneck, Jonas"]
[Black "Teichert, Felix"]
[Result "1-0"]
[Termination "normal"]
[Board "8.2"]
[WhiteElo "2179"]
[BlackElo "2019"]
[WhiteTeam "Sachsen-Anhalt"]
[BlackTeam "Brandenburg"]
[PlyCount "109"]
[WhiteFideId "12939870"]
[BlackFideId "12987670"]
[EventCountry "GER"]
[EventRounds "7"]
[EventType "team-swiss"]
[EventDate "2017.09.29"]

1. e4 d5 2. exd5 Nf6 3. Nf3 Nxd5 4. d4 Bg4 5. h3 Bh5 6. c4 Nb6 7. Nc3 e6 8. g4
Bg6 9. Ne5 N8d7 10. Nxg6 hxg6 11. c5 Nd5 12. Nxd5 exd5 13. Bg2 c6 14. O-O Be7
15. Bf4 Nf8 16. Bh2 g5 17. f4 gxf4 18. Bxf4 Bf6 19. Qd3 Ne6 20. Rae1 O-O 21.
Be5 Bxe5 22. Rxe5 Qc7 23. b4 Rae8 24. g5 g6 25. h4 Ng7 26. Rfe1 Rxe5 27. Rxe5
Qd8 28. Bh3 Re8 29. Qe3 Kf8 30. Kf2 Re7 31. Kf3 Rxe5 32. Qxe5 Qe7 33. Qxe7+
Kxe7 34. Kf4 b6 35. cxb6 axb6 36. a4 Ne8 37. a5 bxa5 38. bxa5 Nc7 39. Ke5 Na6
40. Bf1 Nb8 41. a6 Nd7+ 42. Kf4 Kd6 43. a7 Nb6 44. Ba6 Kc7 45. Be2 Kb7 46. Ke5
Nc4+ 47. Kf6 Nd6 48. Bd3 Kxa7 49. Bxg6 fxg6 50. Kxg6 c5 51. dxc5 d4 52. cxd6
Kb7 53. Kf7 d3 54. d7 Kc7 55. Ke7 1-0

[Event "Deutsche Ländermeisterschaft 2017"]
[Site "Hannover GER"]
[Date "2017.10.01"]
[Round "3"]
[White "Woithe, Daniel"]
[Black "Biastoch, Bennet"]
[Result "0-1"]
[Termination "normal"]
[Board "8.3"]
[WhiteElo "1793"]
[BlackElo "2120"]
[WhiteTeam "Brandenburg"]
[BlackTeam "Sachsen-Anhalt"]
[PlyCount "130"]
[WhiteFideId "16244648"]
[BlackFideId "12939889"]
[EventCountry "GER"]
[EventRounds "7"]
[EventType "team-swiss"]
[EventDate "2017.09.29"]

1. e4 c5 2. c3 Nf6 3. e5 Nd5 4. Nf3 Nc6 5. d4 cxd4 6. cxd4 d6 7. exd6 Qxd6 8.
Nc3 Nxc3 9. bxc3 g6 10. Be2 Bg7 11. O-O O-O 12. Be3 Bf5 13. Qd2 Rfd8 14. Rfd1
Rac8 15. Rac1 a6 16. d5 Ne5 17. Bf4 Nxf3+ 18. Bxf3 Qa3 19. d6 e5 20. Bg5 Rd7
21. Bd5 Bf8 22. Be7 Bxe7 23. dxe7 Qxe7 24. c4 Qc5 25. Qg5 h5 26. h3 Qe7 27. Qe3
Qf6 28. f3 Be6 29. Bxe6 Rxd1+ 30. Rxd1 Qxe6 31. c5 Re8 32. a3 e4 33. Qxe4 Qxe4
34. fxe4 Rxe4 35. Rd7 Rc4 36. Rxb7 Rxc5 37. Rb3 Kg7 38. Kf2 a5 39. Kf3 Kf6 40.
Kf2 Ke5 41. Rb7 f6 42. Ra7 Kd4 43. Ra6 Rf5+ 44. Ke2 Kc4 45. Rb6 g5 46. Ke3 Kc5
47. Rb3 Re5+ 48. Kd3 Rd5+ 49. Ke2 Rd6 50. a4 Rb6 51. Rxb6 Kxb6 52. Kd3 Kc5 53.
Ke4 Kb4 54. Kf5 Kxa4 55. Kxf6 Kb5 56. Kxg5 a4 57. Kxh5 a3 58. g4 a2 59. g5 a1=Q
60. h4 Qh8+ 61. Kg4 Kc5 62. h5 Kd6 63. h6 Ke6 64. Kh5 Qe8+ 65. g6 Kf5 0-1

[Event "Deutsche Ländermeisterschaft 2017"]
[Site "Hannover GER"]
[Date "2017.10.01"]
[Round "3"]
[White "Post, Hugo"]
[Black "Eue, Vicky"]
[Result "0-1"]
[Termination "normal"]
[Board "8.4"]
[WhiteElo "2023"]
[BlackElo "1654"]
[WhiteTeam "Sachsen-Anhalt"]
[BlackTeam "Brandenburg"]
[PlyCount "68"]
[WhiteFideId "12962490"]
[BlackFideId "12945838"]
[EventCountry "GER"]
[EventRounds "7"]
[EventType "team-swiss"]
[EventDate "2017.09.29"]

1. e4 e6 2. d4 d5 3. Nd2 c5 4. exd5 exd5 5. Ngf3 Nf6 6. Bb5+ Nc6 7. O-O Be7 8.
dxc5 Bxc5 9. Nb3 Be7 10. Ne5 Bd7 11. Nxd7 Qxd7 12. Re1 a6 13. Bd3 O-O 14. c3
Rfe8 15. Bg5 h6 16. Bh4 g5 17. Bg3 Bd6 18. Qf3 Kg7 19. Nd4 Nxd4 20. cxd4 Bxg3
21. hxg3 Rxe1+ 22. Rxe1 Re8 23. Re5 Rxe5 24. dxe5 Ne4 25. Bxe4 dxe4 26. Qf6+
Kh7 27. g4 Qd5 28. b3 Qd7 29. Kh2 Kg8 30. Kh3 Qd3+ 31. Kh2 Qd2 32. Qxh6 Qf4+
33. Kh3 Qxe5 34. Qb6 Qh8+ 0-1

[Event "Deutsche Ländermeisterschaft 2017"]
[Site "Hannover GER"]
[Date "2017.10.01"]
[Round "3"]
[White "Gericke, Luis"]
[Black "Dietz, Florian"]
[Result "0-1"]
[Termination "normal"]
[Board "8.5"]
[WhiteElo "1517"]
[BlackElo "2026"]
[WhiteTeam "Brandenburg"]
[BlackTeam "Sachsen-Anhalt"]
[PlyCount "70"]
[WhiteFideId "16212525"]
[BlackFideId "12939897"]
[EventCountry "GER"]
[EventRounds "7"]
[EventType "team-swiss"]
[EventDate "2017.09.29"]

1. e4 c5 2. Nf3 Nc6 3. d4 cxd4 4. Nxd4 g6 5. Nc3 Bg7 6. Be3 Nf6 7. f3 O-O 8.
Qd2 d5 9. Nxc6 bxc6 10. O-O-O e6 11. g4 Qa5 12. Kb1 Rb8 13. e5 Nd7 14. f4 f6
15. exf6 Nxf6 16. Bd4 Nxg4 17. Bxg7 Kxg7 18. Bh3 Nf2 19. Qxf2 Qxc3 20. Qd4+
Qxd4 21. Rxd4 e5 22. Rd3 Bxh3 23. Rxh3 Rxf4 24. Ra3 Rf7 25. Ra6 Rb6 26. Rxb6
axb6 27. c3 Rf2 28. b4 b5 29. Re1 e4 30. Rh1 e3 31. Kc1 Rxa2 32. Kb1 Rf2 33.
Kc1 e2 34. Kd2 Rf1 35. Rxf1 exf1=Q 0-1

[Event "Deutsche Ländermeisterschaft 2017"]
[Site "Hannover GER"]
[Date "2017.10.01"]
[Round "3"]
[White "Dietz, Kristin"]
[Black "Schiewe, Nadin"]
[Result "1-0"]
[Termination "normal"]
[Board "8.6"]
[WhiteElo "1675"]
[BlackElo "1422"]
[WhiteTeam "Sachsen-Anhalt"]
[BlackTeam "Brandenburg"]
[PlyCount "103"]
[WhiteFideId "12993743"]
[BlackFideId "16209079"]
[EventCountry "GER"]
[EventRounds "7"]
[EventType "team-swiss"]
[EventDate "2017.09.29"]

1. e4 d5 2. exd5 Qxd5 3. Nc3 Qa5 4. d4 c6 5. Be2 Nf6 6. Bd2 Qc7 7. h3 Bf5 8.
Nf3 e6 9. O-O Bd6 10. Be3 Nbd7 11. Bd3 Bg6 12. Bxg6 hxg6 13. Ne2 O-O-O 14. c4
Ne4 15. Qc2 f5 16. a4 Ndf6 17. c5 Be7 18. Ne5 Rh7 19. Nxg6 Rg8 20. Bf4 Qd8 21.
f3 Qe8 22. Nxe7+ Qxe7 23. fxe4 Nxe4 24. b4 Qh4 25. Nc3 g5 26. Nxe4 gxf4 27.
Nd6+ Kc7 28. Ra3 Rhg7 29. Rf2 Rg3 30. Rxg3 Rxg3 31. Kf1 f3 32. Rxf3 Rxf3+ 33.
gxf3 Qxh3+ 34. Qg2 Qh8 35. Qg6 b6 36. Ne8+ Kd8 37. Qf6+ Qxf6 38. Nxf6 bxc5 39.
dxc5 Ke7 40. Nh5 e5 41. Ng3 Ke6 42. Ke2 e4 43. fxe4 fxe4 44. Nxe4 Ke5 45. Kd3
Kd5 46. b5 cxb5 47. axb5 Ke6 48. Kd4 Kd7 49. Kd5 Kc7 50. c6 Kb6 51. Kd6 Kxb5
52. c7 1-0

[Event "Deutsche Ländermeisterschaft 2017"]
[Site "Hannover GER"]
[Date "2017.10.01"]
[Round "3"]
[White "Jungandreas, Tillmann"]
[Black "Stowicek, Yara Mathilda"]
[Result "1-0"]
[Termination "normal"]
[Board "8.7"]
[WhiteElo "1479"]
[BlackElo "1508"]
[WhiteTeam "Brandenburg"]
[BlackTeam "Sachsen-Anhalt"]
[PlyCount "131"]
[WhiteFideId "16244664"]
[BlackFideId "16203569"]
[EventCountry "GER"]
[EventRounds "7"]
[EventType "team-swiss"]
[EventDate "2017.09.29"]

1. e4 e5 2. Nf3 Nc6 3. Bc4 Nf6 4. Ng5 d5 5. exd5 Nd4 6. c3 b5 7. cxd4 bxc4 8.
Qe2 Qxd5 9. Qxe5+ Qxe5+ 10. dxe5 Nd5 11. Nc3 Bb7 12. O-O Be7 13. Nge4 Nb4 14.
f4 Nd3 15. b3 cxb3 16. axb3 O-O 17. Ba3 Rfe8 18. Bxe7 Rxe7 19. Rf3 Nb4 20. Rg3
Kf8 21. Nc5 Bc6 22. Na6 Nc2 23. Rc1 Nd4 24. Nb4 Bb7 25. Rb1 Rd8 26. Rd3 Red7
27. Kf2 Ke7 28. g4 g6 29. h4 h5 30. g5 Nf5 31. Rxd7+ Rxd7 32. Ke2 Nxh4 33. Ra1
Nf5 34. Rxa7 Nd4+ 35. Ke3 Bg2 36. Na6 Nxb3 37. Rxc7 Rxc7 38. Nxc7 h4 39. Kf2 h3
40. N7d5+ Ke6 41. Ne3 Nxd2 42. Ne2 Ne4+ 43. Kg1 Nc5 44. Nd4+ Ke7 45. Nxg2 hxg2
46. Kxg2 Ne6 47. Ne2 Kd7 48. Kf3 Kc6 49. Ke4 Nc5+ 50. Kd4 Ne6+ 51. Kc4 Kd7 52.
Kd5 Nc7+ 53. Ke4 Ne6 54. Nd4 Nxd4 55. Kxd4 Ke6 56. Ke4 Ke7 57. Kd5 Kd7 58. Kc5
Ke6 59. Kd4 Kf5 60. Ke3 Kg4 61. Ke4 Kh5 62. e6 fxe6 63. Ke5 Kg4 64. Kxe6 Kxf4
65. Kf6 Kg4 66. Kxg6 1-0

[Event "Deutsche Ländermeisterschaft 2017"]
[Site "Hannover GER"]
[Date "2017.10.01"]
[Round "3"]
[White "Recktenwald, Cedric"]
[Black "Rahnfeld, Jens"]
[Result "0-1"]
[Termination "normal"]
[Board "9.1"]
[BlackTitle "FM"]
[WhiteElo "1745"]
[BlackElo "2310"]
[WhiteTeam "Saarland"]
[BlackTeam "Baden 2"]
[PlyCount "64"]
[WhiteFideId "12971928"]
[BlackFideId "12939617"]
[EventCountry "GER"]
[EventRounds "7"]
[EventType "team-swiss"]
[EventDate "2017.09.29"]

1. e4 c5 2. Nf3 d6 3. Bb5+ Bd7 4. Bxd7+ Nxd7 5. O-O Ngf6 6. Re1 e6 7. d3 Be7 8.
Nbd2 O-O 9. a4 Ng4 10. h3 Nge5 11. Nf1 Nxf3+ 12. Qxf3 Ne5 13. Qe2 Nc6 14. c3 a6
15. Be3 d5 16. Bf4 d4 17. Nd2 e5 18. Bg3 Bd6 19. Rf1 dxc3 20. bxc3 b5 21. axb5
axb5 22. Nb3 Qb6 23. Rfd1 b4 24. cxb4 cxb4 25. Qb2 Rxa1 26. Qxa1 Rb8 27. d4
Nxd4 28. Nxd4 exd4 29. Bxd6 Qxd6 30. Rxd4 Qb6 31. Qb2 b3 32. e5 Qxd4 0-1

[Event "Deutsche Ländermeisterschaft 2017"]
[Site "Hannover GER"]
[Date "2017.10.01"]
[Round "3"]
[White "Boes, Julian"]
[Black "Zimmer, Luca"]
[Result "1-0"]
[Termination "normal"]
[Board "9.2"]
[WhiteElo "2067"]
[BlackElo "1628"]
[WhiteTeam "Baden 2"]
[BlackTeam "Saarland"]
[PlyCount "66"]
[WhiteFideId "12907723"]
[BlackFideId "12921424"]
[EventCountry "GER"]
[EventRounds "7"]
[EventType "team-swiss"]
[EventDate "2017.09.29"]

1. b3 e6 2. Bb2 d5 3. e3 Nf6 4. Nf3 Bd6 5. d4 Ne4 6. Nbd2 f5 7. Nxe4 fxe4 8.
Ne5 O-O 9. f4 Bd7 10. Be2 Be8 11. O-O Bg6 12. c4 c6 13. Qc1 Qe7 14. a4 a5 15.
Ba3 Na6 16. Bxd6 Qxd6 17. c5 Qc7 18. Bxa6 bxa6 19. Rb1 Rab8 20. Qc3 Rb4 21. Rb2
Be8 22. Qc2 Qb7 23. Rfb1 Qc8 24. Qe2 Qb7 25. g3 Qc8 26. Kf1 Qb7 27. Ke1 Qc8 28.
Kd1 Qb7 29. Kc2 Qc8 30. Rg1 Rf6 31. Kb1 Kf8 32. Ka2 Ke7 33. Qg4 Bg6 1-0

[Event "Deutsche Ländermeisterschaft 2017"]
[Site "Hannover GER"]
[Date "2017.10.01"]
[Round "3"]
[White "Jeschke, Jan"]
[Black "Hund, Sarah"]
[Result "1-0"]
[Termination "normal"]
[Board "9.3"]
[WhiteElo "1261"]
[BlackElo "2005"]
[WhiteTeam "Saarland"]
[BlackTeam "Baden 2"]
[PlyCount "83"]
[WhiteFideId "16225430"]
[BlackFideId "12923338"]
[EventCountry "GER"]
[EventRounds "7"]
[EventType "team-swiss"]
[EventDate "2017.09.29"]

1. e4 e5 2. Nf3 Nc6 3. d4 exd4 4. Nxd4 Nf6 5. Nc3 Bb4 6. Bc4 O-O 7. O-O Bxc3 8.
bxc3 Nxe4 9. Re1 d5 10. Bd3 Nc5 11. Bb5 Nxd4 12. cxd4 Nd7 13. Ba3 Re8 14. Qd2
c6 15. Rxe8+ Qxe8 16. Re1 Qd8 17. Be7 Qc7 18. Qb4 f6 19. Bd6 Qd8 20. Bc7 Qf8
21. Bd6 Qd8 22. Bc7 Qf8 23. Bd6 Qf7 24. Re7 Qg6 25. Bd3 f5 26. h3 a5 27. Qa3 b5
28. Bf4 Nf8 29. Qc5 Bd7 30. Be5 Re8 31. Rxg7+ Qxg7 32. Bxg7 Kxg7 33. Qa7 Kf6
34. Qxa5 Ne6 35. h4 Re7 36. c3 Nf4 37. Bc2 Rg7 38. Qd8+ Ke6 39. Bxf5+ Kxf5 40.
Qf8+ Kg6 41. Qxf4 Bf5 42. Qg5+ 1-0

[Event "Deutsche Ländermeisterschaft 2017"]
[Site "Hannover GER"]
[Date "2017.10.01"]
[Round "3"]
[White "Wiesner, Alexander"]
[Black "Chassard, Cedric"]
[Result "1-0"]
[Termination "normal"]
[Board "9.4"]
[WhiteElo "1935"]
[BlackElo "1518"]
[WhiteTeam "Baden 2"]
[BlackTeam "Saarland"]
[PlyCount "87"]
[WhiteFideId "12943991"]
[BlackFideId "16243536"]
[EventCountry "GER"]
[EventRounds "7"]
[EventType "team-swiss"]
[EventDate "2017.09.29"]

1. d4 Nf6 2. c4 e6 3. g3 d5 4. Bg2 c5 5. cxd5 Nxd5 6. Nf3 Nc6 7. O-O Be7 8. Nc3
Nxc3 9. bxc3 cxd4 10. cxd4 O-O 11. Rb1 Bf6 12. e3 Qc7 13. Nd2 Bd7 14. Ba3 Rfd8
15. Ne4 Be7 16. Bxe7 Nxe7 17. Rxb7 Qa5 18. Nc5 Bc6 19. Rxe7 Bxg2 20. Kxg2 Rac8
21. Qb3 Rb8 22. Rb7 Rxb7 23. Nxb7 Qd5+ 24. Qxd5 Rxd5 25. Rc1 h6 26. Rc8+ Kh7
27. Nc5 e5 28. dxe5 Rxe5 29. Rc7 a5 30. e4 Kg8 31. f4 Re8 32. Kf3 g6 33. Ra7
Kh7 34. Rxf7+ Kg8 35. Ra7 g5 36. Rxa5 g4+ 37. Kxg4 h5+ 38. Kxh5 Kh8 39. Ra7 Rc8
40. Ne6 Re8 41. f5 Kg8 42. Rd7 Kh8 43. Kh6 Rg8 44. Rh7# 1-0

[Event "Deutsche Ländermeisterschaft 2017"]
[Site "Hannover GER"]
[Date "2017.10.01"]
[Round "3"]
[White "Müller, Maximilian"]
[Black "Wu, Luka"]
[Result "0-1"]
[Termination "normal"]
[Board "9.5"]
[WhiteElo "1389"]
[BlackElo "1902"]
[WhiteTeam "Saarland"]
[BlackTeam "Baden 2"]
[PlyCount "114"]
[WhiteFideId "16243552"]
[BlackFideId "12977420"]
[EventCountry "GER"]
[EventRounds "7"]
[EventType "team-swiss"]
[EventDate "2017.09.29"]

1. Nf3 d5 2. g3 Nf6 3. Bg2 g6 4. d3 Bg7 5. O-O O-O 6. Bg5 Bf5 7. c3 Nc6 8. Nbd2
Qd7 9. Qb3 b6 10. Bxf6 Bxf6 11. d4 Rad8 12. Rfe1 Bh3 13. e4 Bxg2 14. Kxg2 e6
15. e5 Bg7 16. Ng1 f6 17. f4 fxe5 18. fxe5 Rf5 19. Ngf3 Rdf8 20. Rf1 Bh6 21.
Qc2 Qf7 22. g4 Rf4 23. h3 Na5 24. b4 Nc4 25. g5 Nxd2 26. Qxd2 Rxf3 27. Qe2 Rxf1
28. Rxf1 Qxf1+ 29. Qxf1 Rxf1 30. Kxf1 Bxg5 31. Ke2 Be7 32. Kd3 Kf7 33. a3 h5
34. Ke2 c5 35. Kf3 g5 36. Kg3 Kg6 37. dxc5 bxc5 38. b5 Kf5 39. a4 Bd8 40. Kf3
Kxe5 41. Ke3 d4+ 42. cxd4+ cxd4+ 43. Kd2 g4 44. hxg4 hxg4 45. Ke2 Ke4 46. Kf2
d3 47. Kf1 Ke3 48. Ke1 Ba5+ 49. Kd1 g3 50. b6 g2 51. Kc1 g1=Q+ 52. Kb2 axb6 53.
Ka2 d2 54. Ka3 d1=R 55. Kb3 Kd4 56. Kb2 Qf2+ 57. Ka3 Rd3# 0-1

[Event "Deutsche Ländermeisterschaft 2017"]
[Site "Hannover GER"]
[Date "2017.10.01"]
[Round "3"]
[White "Riegel, Arinna"]
[Black "Fuchs, Emily"]
[Result "1-0"]
[Termination "normal"]
[Board "9.6"]
[WhiteElo "1918"]
[BlackElo "1275"]
[WhiteTeam "Baden 2"]
[BlackTeam "Saarland"]
[PlyCount "73"]
[WhiteFideId "12931446"]
[BlackFideId "16208986"]
[EventCountry "GER"]
[EventRounds "7"]
[EventType "team-swiss"]
[EventDate "2017.09.29"]

1. Nf3 Nc6 2. d4 e6 3. g3 Nf6 4. Bg2 b6 5. O-O Bb7 6. c4 d6 7. Nc3 g6 8. Re1
Bg7 9. e4 O-O 10. Bg5 Qd7 11. Qd2 Ne7 12. Rad1 d5 13. Ne5 Qd8 14. exd5 exd5 15.
Ng4 Nf5 16. Nxf6+ Bxf6 17. Bxf6 Qxf6 18. Bxd5 Bxd5 19. Nxd5 Qd6 20. Qf4 Qxf4
21. Nxf4 Rad8 22. Nd5 Kg7 23. Nxc7 Nxd4 24. Kg2 Nf5 25. Rd5 Rxd5 26. Nxd5 g5
27. Re5 Kg6 28. Ne7+ Nxe7 29. Rxe7 Ra8 30. Rb7 f5 31. a4 f4 32. Rc7 Kf5 33. c5
Rd8 34. gxf4 Kxf4 35. cxb6 axb6 36. Rc6 Ke5 37. Rxb6 1-0

[Event "Deutsche Ländermeisterschaft 2017"]
[Site "Hannover GER"]
[Date "2017.10.01"]
[Round "3"]
[White "Huppert, Anna"]
[Black "Doll, Rebecca"]
[Result "0-1"]
[Termination "normal"]
[Board "9.7"]
[WhiteElo "1419"]
[BlackElo "1589"]
[WhiteTeam "Saarland"]
[BlackTeam "Baden 2"]
[PlyCount "96"]
[WhiteFideId "16214439"]
[BlackFideId "16236890"]
[EventCountry "GER"]
[EventRounds "7"]
[EventType "team-swiss"]
[EventDate "2017.09.29"]

1. e4 e5 2. Nf3 Nc6 3. Bc4 Bc5 4. O-O Nf6 5. d4 exd4 6. e5 d5 7. exf6 dxc4 8.
fxg7 Rg8 9. Bh6 Qf6 10. Qd2 Be6 11. Qg5 Be7 12. h4 O-O-O 13. Nbd2 d3 14. cxd3
cxd3 15. Ne4 Qxf3 16. Qe3 Qxe3 17. fxe3 Bxh4 18. Nc5 Bd5 19. Rad1 Be7 20. Nb3
Nb4 21. Nd4 Nxa2 22. b3 Be4 23. Rxf7 Bd6 24. Nb5 Be5 25. Re7 Rde8 26. Rf7 a6
27. Nd4 Nb4 28. Rf8 Bd6 29. Rxe8+ Rxe8 30. Ne6 Rg8 31. Ng5 Bg6 32. Nf3 Be7 33.
Nd4 Bf6 34. Ne6 Bf7 35. Nc5 Bxg7 36. Bxg7 Rxg7 37. Nxd3 Bh5 38. Rd2 Rd7 39. e4
Rxd3 40. Rxd3 Nxd3 41. Kh2 Nc5 42. e5 Nxb3 43. Kg3 a5 44. Kf4 a4 45. Kf5 a3 46.
e6 a2 47. Kf6 a1=Q+ 48. Kg5 Qe5+ 0-1